Southville International School and Colleges
Your cart is empty.
  • Cart
  • Lists
    Public lists Eva Luna New books Lux_list list_1
    Your lists Log in to create your own lists
  • Log in to your account
  • Your cookies
  • Search history
Southville International School and Colleges
  • Advanced search
  • Recent comments
  • Most popular
  • Libraries

Log in to your account

Log in with GOOGLE


If you do not have an external account, but do have a local account, you can still log in:

  1. Home
  2. MARC view: Impact of peer influence on the engagement of risky behaviors :
Normal view MARC view ISBD view

Impact of peer influence on the engagement of risky behaviors : (Record no. 366661)

[ view plain ]
MARC details
000 -LEADER
fixed length control field 00835nam a22002417a 4500
003 - CONTROL NUMBER IDENTIFIER
control field 0
005 - DATE AND TIME OF LATEST TRANSACTION
control field 20250113160014.0
008 - FIXED-LENGTH DATA ELEMENTS--GENERAL INFORMATION
fixed length control field 241108b xxu||||| |||| 00| 0 eng d
050 ## - LIBRARY OF CONGRESS CALL NUMBER
Classification number PHS BF 724
Item number .K49 2024
100 ## - MAIN ENTRY--PERSONAL NAME
Personal name Kim, Nayeon,
Relator term author.
245 ## - TITLE STATEMENT
Title Impact of peer influence on the engagement of risky behaviors :
Remainder of title surveying adolescents' perceptions and experiences /
Statement of responsibility, etc Nayeon Kim.
260 ## - PUBLICATION, DISTRIBUTION, ETC. (IMPRINT)
Place of publication, distribution, etc Las Piñas :
Name of publisher, distributor, etc Southville International School and Colleges,
Date of publication, distribution, etc 2024.
300 ## - PHYSICAL DESCRIPTION
Extent 44 p. ;
Dimensions 30 cm.
504 ## - BIBLIOGRAPHY, ETC. NOTE
Bibliography, etc Includes bibliographical references.
650 ## - SUBJECT ADDED ENTRY--TOPICAL TERM
Topical term or geographic name as entry element Peer pressure
650 ## - SUBJECT ADDED ENTRY--TOPICAL TERM
Topical term or geographic name as entry element Risk-taking (Psychology)
650 ## - SUBJECT ADDED ENTRY--TOPICAL TERM
Topical term or geographic name as entry element Adolescent psychology
650 ## - SUBJECT ADDED ENTRY--TOPICAL TERM
Topical term or geographic name as entry element Behavioral assessment
650 ## - SUBJECT ADDED ENTRY--TOPICAL TERM
Topical term or geographic name as entry element Social influence
650 ## - SUBJECT ADDED ENTRY--TOPICAL TERM
Topical term or geographic name as entry element Risky behavior (Adolescents)
650 ## - SUBJECT ADDED ENTRY--TOPICAL TERM
Topical term or geographic name as entry element Teen
Form subdivision Social conditions
942 ## - ADDED ENTRY ELEMENTS (KOHA)
Source of classification or shelving scheme Library of Congress Classification
Koha item type PASS
Holdings
Withdrawn status Lost status Source of classification or shelving scheme Damaged status Home library Current library Shelving location Date acquired Source of acquisition Total Checkouts Full call number Barcode Date last seen Price effective from Koha item type
    Library of Congress Classification   Luxembourg Library Luxembourg Library Portfolio Assessment of SISC Students Section 06/07/2024 Donation   PHS BF 724 .K49 2024 P3596 11/08/2024 11/08/2024 PASS

Impact of peer influence on the engagement of risky behaviors :

APA

Kim N., . (2024). Impact of peer influence on the engagement of risky behaviors. Las Piñas: Southville International School and Colleges.

Chicago

Kim Nayeon, . 2024. Impact of peer influence on the engagement of risky behaviors. Las Piñas: Southville International School and Colleges.

Harvard

Kim N., . (2024). Impact of peer influence on the engagement of risky behaviors. Las Piñas: Southville International School and Colleges.

MLA

Kim Nayeon, . Impact of peer influence on the engagement of risky behaviors. Las Piñas: Southville International School and Colleges. 2024.

  • Print
  • Cite
  • Add to your cart (remove)
  • Save record
    BIBTEX Dublin Core MARCXML MARC (non-Unicode/MARC-8) MARC (Unicode/UTF-8) MARC (Unicode/UTF-8, Standard) MODS (XML) RIS
  • More searches
    Search for this title in:
    Other Libraries (WorldCat) Other Databases (Google Scholar) Online Stores (Bookfinder.com) Open Library (openlibrary.org)

Exporting to Dublin Core...

SOUTHVILLE LIBRARY

Southville International School and Colleges Library

1281 Tropical Ave. Cor. Luxembourg St., BF Homes International, Las Pinas City

Tel. No. 8256374 / 252358 Loc. 117/146

Powered by Koha